000 00399nam a2200145 4500
001 139326
003 ES-MaACL
005 20230906195751.0
007 t|
008 070214s1916 sp r ||||1| spa d
100 1 _aSarthou Carreres, Carlos.
_9103879
245 1 3 _aEl monasterio de piedra /
_cCarlos Sarthou Carreres.
260 _aBarcelona :
_bEd. Museum,
_c1916.
852 _aES-MaACL
_j1538-F-14
999 _c139326
_d139326